000 00439nam a2200181Ia 4500
001 3570
005 20260306145653.0
008 260306t2013||||xx |||||||||||||| ||spa||
041 _aESP
082 _a289.8
_bB135H
100 _aGarcía, Rafael D.
_eAUT
245 0 _aBenedicto XVI habla sobre cultura y sociedad
260 _c2013
300 _a194 páginas :
_c21 cm.
650 _aGEN
654 _aCHU
942 _cLIB
_dJUS
_fJUS
_2ddc
_n
999 _c3570
_d3570